000 nam a22 7a 4500
999 _c9480
_d9480
008 180201b ||||| |||| 00| 0 eng d
100 _aGulati, S
_95675
245 _aTogether with Mathematics -IV
260 _aNew Delhi
_bRachna Publication
_c2007